El clima de trabajo en las organizaciones: definición, diagnóstico y consecuencia (Registro nro. 1829)
[ vista simple ]
| 000 -Cabecera | |
|---|---|
| Campo de control de longitud fija | 00996aam a2200337 4500 |
| 005 - Fecha y hora de la última transacción | |
| Campo de control | 20241205120914.0 |
| 008 - Elementos de longitud fija--Información general | |
| Campo de control de longitud fija | 150716b xxu||||| |||| 00| 0 spa d |
| 041 ## - Idioma | |
| Código de idioma | |
| 082 ## - Clasificación Decimal Dewey | |
| Número de clasificación | 658.315 B895e |
| 100 ## - Entrada principal--Autor personal | |
| Nombre personal | Brunet, Luc |
| 245 ## - Título propiamente dicho | |
| Título | El clima de trabajo en las organizaciones: definición, diagnóstico y consecuencia |
| 260 ## - Pie de imprenta | |
| Lugar de publicación, distribución, etc. | México |
| 260 ## - Pie de imprenta | |
| Nombre del editor, distribuidor, etc. | Trillas |
| 260 ## - Pie de imprenta | |
| Fecha de publicación, distribución, etc. | 1987 |
| 300 ## - Descripción física | |
| Extensión | 120 páginas |
| 650 ## - Materia general | |
| Temática (materia general) | ADMINISTRACIÓN DE PERSONAL |
| 650 ## - Materia general | |
| Temática (materia general) | CLIMA ORGANIZACIONAL |
| 650 ## - Materia general | |
| Temática (materia general) | COMPONENTES DEL CLIMA ORGANIZACIONAL |
| 650 ## - Materia general | |
| Temática (materia general) | MEDICIÓN DEL CLIMA ORGANIZACIONAL |
| 650 ## - Materia general | |
| Temática (materia general) | EVALUACIÓN DEL CLIMA ORGANIZACIONAL |
| 650 ## - Materia general | |
| Temática (materia general) | REGLAMENTOS Y POLÍTICAS EN LAS ORGANIZACIONES |
| 650 ## - Materia general | |
| Temática (materia general) | DIMENSIONES |
| 650 ## - Materia general | |
| Temática (materia general) | EVALUACIÓN DEL RENDIMIENTO |
| 650 ## - Materia general | |
| Temática (materia general) | SINDICALIZACIÓN |
| 650 ## - Materia general | |
| Temática (materia general) | DESARROLLO ORGANIZACIONAL |
| 650 ## - Materia general | |
| Temática (materia general) | RELACIONES INDUSTRIALES |
| 650 ## - Materia general | |
| Temática (materia general) | PODER |
| 650 ## - Materia general | |
| Temática (materia general) | LIDERAZGO |
| 942 ## - Punto de acceso adicional KOHA | |
| Tipo de ítem KOHA | Libro |
| Fuente del sistema de clasificación o colocación | Dewey Decimal Classification |
| Signatura completa | Código de barras | Programa Académico | Tipo de ítem |
|---|---|---|---|
| 658.315 B895e | 11148 | Libro |